Polyfunkčný objekt STARÉ GRUNTY
Saved in:
| Main Author: | |
|---|---|
| Other Authors: | |
| Format: | Manuscript Book |
| Language: | Slovak |
| Published: |
2016
|
| Subjects: | |
| Online Access: | http://is.stuba.sk/zp/portal_zp.pl?podrobnosti=118261 https://opac.crzp.sk/?fn=detailBiblioForm&sid=41728D440EB1EF629110178922FE |
| Tags: |
No Tags, Be the first to tag this record!
|
MARC
| LEADER | 00000ntm a22000003a 4500 | ||
|---|---|---|---|
| 001 | stuzp57051 | ||
| 003 | SK-STU | ||
| 005 | 20230927132803.7 | ||
| 007 | ta | ||
| 008 | 150427s2015----xo-----f-mn---000-0-slo-d | ||
| 040 | |a STU |b slo | ||
| 041 | 0 | |a slo | |
| 100 | 1 | |a Lavička, Milan |u 010270 |4 aut |U SvF Stavebná fakulta |T SvF Katedra technológie stavieb |X 42204 |U V270 |Y 28 |7 A000042204 | |
| 242 | 0 | 1 | |a Multifunctional building STARÉ GRUNTY |y eng |
| 245 | 1 | 0 | |a Polyfunkčný objekt STARÉ GRUNTY |
| 260 | |c 2016 | ||
| 650 | 4 | |a POV |2 slo | |
| 650 | 4 | |a torkrétová stena |2 slo | |
| 650 | 4 | |a zemný klinec |2 slo | |
| 650 | 4 | |a zabezpečenie stien stavebnej jamy |2 slo | |
| 650 | 4 | |a security walls |2 eng | |
| 650 | 4 | |a Gunite wall |2 eng | |
| 650 | 4 | |a POV |2 eng | |
| 700 | 1 | |a Ďubek, Marek |u 010270 |k Z1 |4 ths |U SvF Stavebná fakulta |T SvF Katedra technológie stavieb |X 20818 |U V270 |Y 28 |7 A000020818 | |
| 856 | 4 | |u http://is.stuba.sk/zp/portal_zp.pl?podrobnosti=118261 | |
| 856 | 4 | |u https://opac.crzp.sk/?fn=detailBiblioForm&sid=41728D440EB1EF629110178922FE | |
| SQL | |a stuzp57051 |b DDP |c SLO |d Polyfunkčný objekt STARÉ GRUNTY |e 42204 |f Lavička, Milan |g 010270 |h 20818 |i Ďubek, Marek |j 20160615 |k 681 |l 01 |m http://is.stuba.sk/zp/portal_zp.pl?podrobnosti=118261 |n I-TS |o 5.2.8. stavebníctvo | ||